000 02355cam a22005654i 4500
003 PE-LiUPU
005 20250731170434.0
008 150623s1967 ag r 000 0 spa d
035 _a(Sirsi) a29016
040 _aPE-LiUPU
_bspa
_cPE-LiUPU
_erda
082 0 4 _a160
_bC76
100 1 _aCopi, Irving M.,
_eautor.
245 1 0 _aIntroducción a la Lógica /
_cIrving M. Copi.
264 1 _aBuenos Aires :
_bEudeba,
_c1967.
300 _a455 páginas ;
_c24 centímetros.
336 _atext
_2rdacontent
337 _aunmediated
_2rdamedia
338 _avolume
_2rdacarrier
505 0 _aEl lenguaje -- Los usos del lenguaje -- Falacias no formales -- La definición -- Las proposiciones categóricas -- Los silogismos categóricos -- Los razonamientos en el lenguaje ordinario -- Lógica simbólica -- Prueba de validez para razonamiento extensos -- Funciones proposicionales -- La analogía y la inferencia probable -- Las conexiones causales: los métodos de Mill para la investigación experimental -- La ciencia y la hipótesis -- La probabilidad.
526 _aSEG68
526 _aSEG70
526 _aSEG69
526 _aSEG67
526 _aSEG43
526 _aP144
526 _aP143
526 _aP131
526 _aP122
526 _aP120
526 _aP117
526 _aP112
526 _aP110
526 _aP106
526 _aP101
526 _aP80
526 _aP59
526 _aP54
526 _aP35
526 _aP33
526 _aP30
910 _abtqv
_cech
_d20161025
942 _2ddc
_cBOOK
949 _a160 C76
_wDEWEY
_c1
_i36291
_lCCODEBUL1
_mBUL
_p00.00
_r0
_sY
_tBOOK
_u2015-06-24
_xBIBLIOTECA
_zUNKNOWN
_0COMPRA
_o.STAFF. Colección General
949 _a160 C76
_wDEWEY
_c1
_iFJ03334
_lCCODEBUJ1
_mBUJ
_p30.00
_r0
_sY
_tBOOK
_u2016-10-25
_xSALUD
_PP33
_0COMPRA
_o.STAFF. Colección General Juliaca
596 _a1 3
999 _a160 C76
_wDEWEY
_c36328
_i36291
_d36328
_e2019-9-9
_f2021-11-4
_g5
_lCCODEBUL1
_mBUL
_n2
_p40.00
_q1
_r0
_sY
_tBOOK
_u2015-6-24
_xBIBLIOTECA
_zUNKNOWN
_0COMPRA
_o.STAFF. Colección Ciencias de la Salud
999 _a160 C76
_wDEWEY
_c1
_iFJ03334
_d2017-3-14
_e2017-3-10
_f2022-1-17
_g4
_lCCODEBUJ1
_mBUJ
_n1
_p30.00
_r0
_sY
_tBOOK
_u2016-10-26
_xSALUD
_PP33
_0COMPRA
_o.STAFF. Colección General Juliaca
980 _81
_gALBERTO SANCHEZ Responsable de Automatización